• 首页
  • 本馆介绍
  • 公告通知
  • 最新文献
  • 馆藏检索
  • 电子资源
  • 读者导购
  • 参考咨询
  • 我的图书馆
  • 登录
  • 详细信息显示
  • 放入我的书架
  • 预约/预借图书
  • 作者相关作品
  • 分类相关作品
  • 丛书相关作品
  • 出版社相关作品

书目信息

  • 表格格式
  • 工作单格式
  • 卡片格式
题名:
球面三角学
    
 
作者: 张楚宾 编
分册:  
出版信息: 北京   人民教育出版社  1959
页数: 62页
开本: 21cm
丛书名:
单 册:
中图分类: O124.2
科图分类:
主题词: 初等数学
电子资源:
ISBN:
000 00496nam0 2200193 45
001 0405181527
005 20060726102536.64
010    @dCNY0.24
091    @a13012.0126
100    @a20040518d1959 km y0chiy0120 ea
101 0  @achi
200 1  @a球面三角学@AQiu Mian San Jiao Xue@f张楚宾编@FZhang Chu Bin Bian
210    @a北京@c人民教育出版社@d1959
215    @a62页@d21cm
606 0  @a初等数学
690    @aO124.2@v3
701  0 @a张楚宾@4编
801    @aCN@bPftUser@c20060726
905    @dO124.2@e21
    
    球面三角学/张楚宾编.-北京:人民教育出版社,1959
    62页;21cm
    
    
    ISBN :CNY0.24
    
●
相关链接 在E读中查询图书 在五车中查询图书 在当当中查询图书 在豆瓣中查询图书


正题名:球面三角学     索取号:O124.2/21         预约/预借

序号 登录号 条形码 馆藏地/架位号 状态 备注
1 0000363   001242621   第三借阅区/ [索取号:O124.2/21] 在馆    
2 0000364   001242587   密集书库/ [索取号:O124.2/21] 在馆    
3 0000365   001242578   密集书库/ [索取号:O124.2/21] 在馆    
4 0431790   204317907   密集书库/ [索取号:O124.2/21] 在馆    
5 0431791   204317916   密集书库/ [索取号:O124.2/21] 在馆    
唐山师范学院图书馆 欢迎您!
大连网信软件有限公司© 版权所有